ही ज्य़ोत अंतरीची (Record no. 85252)

MARC details
000 -LEADER
fixed length control field 00404nam a2200145Ia 4500
008 - FIXED-LENGTH DATA ELEMENTS--GENERAL INFORMATION
fixed length control field 090124s9999 xx 000 0 und d
082 ## - DEWEY DECIMAL CLASSIFICATION NUMBER
Item number 6375
245 ## - TITLE STATEMENT
Title ही ज्य़ोत अंतरीची
250 ## - EDITION STATEMENT
Edition statement 0
260 ## - PUBLICATION, DISTRIBUTION, ETC. (IMPRINT)
Date of publication, distribution, etc 1974
300 ## - PHYSICAL DESCRIPTION
Extent 160
630 ## - SUBJECT ADDED ENTRY--UNIFORM TITLE
Uniform title ही ज्य़ोत अंतरीची
730 ## - ADDED ENTRY--UNIFORM TITLE
Uniform title ही ज्य़ोत अंतरीची
942 ## - ADDED ENTRY ELEMENTS (KOHA)
Koha item type Book
Holdings
Withdrawn status Lost status Damaged status Not for loan Home library Current library Date acquired Cost, normal purchase price Total Checkouts Full call number Barcode Date last seen Cost, replacement price Price effective from Koha item type
      Added to bundle Nagar Wachan Mandir, Thane Nagar Wachan Mandir, Thane   10.00   6375 THNNWM-6375 01/24/2009 10.00 01/24/2009 Book